000
00327nam a2200133 4500
999
_c
12474
_d
12474
003
OSt
005
20231226134332.0
008
231226b ||||| |||| 00| 0 eng d
020
_a
978857707234
082
_a
747
245
_a
iw interior world clinic design and detail vol.157
260
_b
Archiworld publishing
942
_2
ddc